Central Library OPAC University of Rajshahi

European history since 1870 / (Record no. 65115)

MARC details
000 -LEADER
fixed length control field 00719nam a2200241 a 4500
001 - CONTROL NUMBER
control field 65115
003 - CONTROL NUMBER IDENTIFIER
rucl marc code BD-RjUL
005 - DATE AND TIME OF LATEST TRANSACTION
control field 20211209081404.0
008 - FIXED-LENGTH DATA ELEMENTS--GENERAL INFORMATION
fixed length control field 170227s1955 nyuabcf b 001 0 eng d
035 ## - SYSTEM CONTROL NUMBER
System control number (BD-RjUL)65245
040 ## - CATALOGING SOURCE
Original cataloging agency DLC
Transcribing agency CIN
Modifying agency BD-RjUL
Language of cataloging eng
041 ## - LANGUAGE CODE
Language code of text/sound track or separate title eng
082 ## - DEWEY DECIMAL CLASSIFICATION NUMBER
Classification number 940.28
Edition number 23
Author mark and year BEE 1955
100 1# - MAIN ENTRY--PERSONAL NAME
Personal name Benns, Frank Lee,
Dates associated with a name 1889-
9 (RLIN) 192887
245 10 - TITLE STATEMENT
Title European history since 1870 /
Statement of responsibility, etc. F. Lee Benns ...
250 ## - EDITION STATEMENT
Edition statement 4th
260 ## - PUBLICATION, DISTRIBUTION, ETC. (IMPRINT)
Place of publication, distribution, etc. New York :
Name of publisher, distributor, etc. Appleton-century-Crofts,
Date of publication, distribution, etc. c 1955.
300 ## - PHYSICAL DESCRIPTION
Pagination xx,1020 p. :
Illustrations ill. ;
Size 23 cm.
504 ## - BIBLIOGRAPHY, ETC. NOTE
Bibliography, etc Include index and bibliography
651 #0 - SUBJECT ADDED ENTRY--GEOGRAPHIC NAME
Geographic name Europe
General subdivision History
Chronological subdivision 1871-1918
9 (RLIN) 189758
Geographic name Europe
General subdivision History
Chronological subdivision 1918-1945
9 (RLIN) 188326
942 ## - ADDED ENTRY ELEMENTS (KOHA)
Source of classification or shelving scheme Dewey Decimal Classification
Koha item type Books
Holdings
Lost status Source of classification or shelving scheme Damaged status Not for loan Collection code Permanent Location Current Location Shelving location Date acquired Source of acquisition Cost, normal purchase price Total Checkouts Full call number Date last seen Copy number Koha item type
  Dewey Decimal Classification   Not For Loan Non-fiction Central Library, University of Rajshahi Central Library, University of Rajshahi Reading Room 17/04/1956 B. H. Blackwell 2.80   940.28 BEE 1955 27/02/2017 C-1 Books